01233nam a2200217 i 450000100060000000300090000600500170001500700030003200800410003510000250007624501860010126000440028730000290033150503760036065000520073670000440078874000210083285200210085399900170087495201240089125770ES-MaACL20250805063231.0t|030102s1847 fr ||||1| fre d0 aAristóteles92286110aPsychologie d'Aristote b: opuscules (Parva naturalia) / ctraduits en français pour la première fois et accompagnés de notes perpétuelles par J. Barthélemy-Saint-Hilaire. aParís : bDumont, c1847 (fChapelet) aLXXXV, 444 p. ; c23 cm.8 aContiene: De la sensation et des choses sensibles. - De la mémoire et de la réminiscence. - Du sommeil et de la veille. - Des rêves. - De la divination dans le sommeil. - Du principe général du mouvement dans les animaux. - De la longévité et de la brièveté de la vie. - De la jeunesse et de la vieillesse. - De la vie et de la mort. - De la respiration 4aPsicología-vObras anteriores a 1800.91477041 aBarthelemy Saint-Hilaire, Jules.9261230 aParva naturalia. aES-MaACLjF-7885 c25770d25770 001040708LIBXIXaATENEOMbATENEOMcSPP2d2008-01-17eSCl0oF-7885p1026580r2023-02-23 00:00:00w2023-02-23yMONANT